Rappeur français - Statistiques

Statistiques générales
  • Ce quiz a été pris 10 868 fois
  • Le résultat moyen est 15 sur 16
Statistiques - réponses
Par images Réponse % Correct
Gims
99%
Jul
99%
Booba
98%
SCH
98%
Ninho
97%
Damso
95%
SDM
94%
Zola
94%
Kaaris
93%
Orelsan
93%
PLK
93%
Hatik
90%
Werenoi
89%
Dadju
88%
Ziak
82%
Kalash
68%
Aucun quiz correspondant
Distribution des résultats
% des personnes avec chaque résultat
Percentile par nombre de réponses
Votre historique - résultats
Vous n’avez pas pris ce quiz